Reforma Agraria y Producción
Gardado en:
| Autor Principal: | |
|---|---|
| Formato: | Texto |
| Publicado: |
México, D.F.:
s.e.
|
| Etiquetas: |
Engadir etiqueta
Sen Etiquetas, Sexa o primeiro en etiquetar este rexistro!
|
MARC
| LEADER | 00000 a a2200000 04500 | ||
|---|---|---|---|
| 001 | 25275 | ||
| 003 | |||
| 040 | |||
| 090 | |a 180800 | ||
| 100 | |a Wheelock Roman, Jaime | ||
| 245 | |a Reforma Agraria y Producción | ||
| 260 | |a México, D.F.: |b s.e. | ||
| 300 | |a 47 p. | ||
| 300 | |b il. | ||
| 999 | |c 12585 |d 12585 | ||
